Mach & Šebestová v historii /

Hlavní autor: Macourek, Miloš, 1926-2002
Další autoři: Fuchs, Jan, 1930-2007, Nárožný, Petr, 1938-, Fišer, Luboš, 1935-1999
Jazyk: Čeština
Vydáno: Praha : Supraphon, 2002
Témata:
Fyzický popis: 1 zvuková kazeta (75:48) : analog, stereo, Dolby system
Zvukové nahrávky
Uloženo v:
LEADER 01133njm a2200301 a 4500
001 000671608
003 CZ BrMZK
005 20030912191050.0
008 030526s2002 xr f cze d
028 0 1 |a SU 5341-4831  |b Supraphon 
040 |a BOA001  |b cze 
080 |a 821.162.3-32  |2 MRF 
080 |a 821-93  |2 MRF 
100 1 |a Macourek, Miloš,  |d 1926-2002  |7 jk01072813  |4 aut 
245 1 0 |a Mach & Šebestová  |h [zvukový záznam] :  |b v historii /  |c Miloš Macourek 
260 |a Praha :  |b Supraphon,  |c 2002 
300 |a 1 zvuková kazeta (75:48) :  |b analog, stereo, Dolby system 
306 |a 011548 
508 |a Hudba Luboš Fišer a archiv Supraphonu; režie Jan Fuchs 
511 0 |a Vypráví Petr Nárožný 
655 4 |a zvukové záznamy pro děti 
655 7 |a české příběhy  |7 fd133973  |2 czenas 
700 1 |a Fuchs, Jan,  |d 1930-2007  |7 jk01032133  |4 drt 
700 1 |a Nárožný, Petr,  |d 1938-  |7 jn19990209575  |4 nrt 
700 1 |a Fišer, Luboš,  |d 1935-1999  |7 jn19981001173  |4 cmp 
910 |a BOA001  |b MC-1121.360 
990 |a AV 
996 6 |b 2610194381  |c MC-1121.360  |l MZK  |r Sklad / do 24 hodin  |n 0  |p p.v.  |w 000671608  |u 000010  |a 1  |e BOA001  |j MZK50  |s P